[Event "Taastrup Spil Naar Du Vil IV 2003"]
[Site "Taastrup"]
[Date "2009.03.26"]
[Round "1"]
[White "Lauritsen, Martin Lee"]
[Black "Nielsen, Jan Mose"]
[Result "0-1"]
[WhiteElo "1990"]
[BlackElo "2016"]
[PlyCount "50"]
[EventDate "2009.??.??"]

1. e4 g6 2. d4 Bg7 3. c4 d6 4. Nc3 Nf6 5. Be3 O-O 6. f3 Nbd7 7. Qd2 c5 8. d5 a6
9. Bh6 Bxh6 10. Qxh6 Ne5 11. O-O-O b5 12. cxb5 axb5 13. Bxb5 Ba6 14. Bxa6 Rxa6
15. Qd2 Qb6 16. Qe2 c4 17. Rd2 Nd3+ 18. Kb1 Qb4 19. Nh3 Nd7 20. Nf2 N7c5 21.
Nfd1 Rfa8 22. h4 Qb3 23. Rxd3 Rxa2 24. Nxa2 Qxa2+ 25. Kc1 cxd3 0-1

[Event "Taastrup Spil Naar Du Vil IV 2003"]
[Site "Taastrup"]
[Date "2009.03.26"]
[Round "1"]
[White "Foslund, Peter"]
[Black "Foslund, Kasper"]
[Result "0-1"]
[WhiteElo "1623"]
[BlackElo "1708"]
[PlyCount "80"]
[EventDate "2009.??.??"]

1. c4 e5 2. Nc3 c6 3. e4 Bb4 4. Nge2 Ne7 5. a3 Bxc3 6. Nxc3 d5 7. exd5 cxd5 8.
cxd5 Nxd5 9. Be2 O-O 10. O-O Nc6 11. g3 Bf5 12. Bf3 Nde7 13. Be4 Nd4 14. d3 Qd7
15. Be3 Bg4 16. f3 Bh3 17. Rf2 f5 18. Bxd4 exd4 19. Qb3+ Kh8 20. Qxb7 fxe4 21.
Qxd7 Bxd7 22. Nxe4 Rac8 23. Kg2 Nd5 24. h3 Ne3+ 25. Kh2 Bb5 26. Nd6 Rc5 27.
Nxb5 Rxb5 28. b4 Rc8 29. Rb1 a5 30. g4 Rc3 31. Rfb2 a4 32. Kg3 g5 33. h4 gxh4+
34. Kxh4 Rxa3 35. Kg3 Rxd3 36. Kf4 a3 37. Ra2 Nd5+ 38. Ke4 Nc3+ 39. Kxd3 Nxa2
40. Kc4 Rxb4+ 0-1

[Event "Taastrup Spil Naar Du Vil IV 2003"]
[Site "Taastrup"]
[Date "2009.03.26"]
[Round "1"]
[White "Jensen, Jan Kargaard"]
[Black "Strom, Ebbe"]
[Result "0-1"]
[WhiteElo "1780"]
[BlackElo "1623"]
[PlyCount "118"]
[EventDate "2009.??.??"]

1. e4 c6 2. d4 d5 3. Nd2 Qb6 4. c3 dxe4 5. Nxe4 Nf6 6. Bd3 Nbd7 7. Nf3 Nxe4 8.
Bxe4 Nf6 9. Bd3 Bg4 10. Be2 e6 11. Ne5 Bf5 12. O-O Bd6 13. Bf4 Qc7 14. Bg3 h5
15. Nc4 Bxg3 16. hxg3 g5 17. Bd3 Bg4 18. Qd2 Rg8 19. Ne5 h4 20. gxh4 gxh4 21.
Qf4 Qe7 22. c4 Bh3 23. Rfe1 O-O-O 24. Bf1 Bxg2 25. Bxg2 h3 26. Re3 hxg2 27. Ra3
Nh5 28. Qh2 f6 29. Rxa7 fxe5 30. Ra8+ Kd7 31. Rxd8+ Qxd8 32. Qxh5 exd4 33. Rd1
Kc8 34. Qe5 Qe7 35. Rxd4 Rg5 36. Qd6 Qxd6 37. Rxd6 e5 38. Rh6 Kc7 39. Rh2 Rg4
40. b3 Kd6 41. Rxg2 Rd4 42. Kf1 Rd2 43. f3 Rd1+ 44. Ke2 Ra1 45. Ke3 Re1+ 46.
Kd2 Ra1 47. Kc3 Rc1+ 48. Kb4 Rf1 49. c5+ Kd5 50. Rd2+ Ke6 51. Rd3 Kf5 52. a4
Kf4 53. Rd7 Rxf3 54. Rxb7 e4 55. Rc7 e3 56. Rxc6 e2 57. Re6 Re3 58. Rxe3 Kxe3
59. Kb5 e1=Q 0-1

[Event "Taastrup Spil Naar Du Vil IV 2003"]
[Site "Taastrup"]
[Date "2009.03.26"]
[Round "1"]
[White "Rasmussen, Emil Wulff"]
[Black "Traerup, Jorgen"]
[Result "1/2-1/2"]
[WhiteElo "1437"]
[BlackElo "1394"]
[PlyCount "36"]
[EventDate "2009.??.??"]

1. d4 d5 2. c4 Nf6 3. Nf3 e6 4. Nc3 Be7 5. Bf4 c6 6. e3 O-O 7. c5 Re8 8. h3
Nbd7 9. Bd3 Nf8 10. O-O b5 11. b4 a5 12. a3 axb4 13. axb4 Rxa1 14. Qxa1 Bb7 15.
Qa2 Qa8 16. Ra1 Qxa2 17. Rxa2 Ra8 18. Rxa8 Bxa8 1/2-1/2

[Event "Taastrup Spil Naar Du Vil IV 2003"]
[Site "Taastrup"]
[Date "2009.03.26"]
[Round "1"]
[White "Ghavamabadi, Mehdi"]
[Black "Hviid, Jens Carl"]
[Result "1-0"]
[WhiteElo "1233"]
[BlackElo "1373"]
[PlyCount "69"]
[EventDate "2009.??.??"]

1. e4 d6 2. d4 Nf6 3. Nc3 g6 4. Nf3 Bg4 5. Be2 Nbd7 6. Bg5 Bg7 7. O-O h6 8. Be3
e5 9. h3 Bxf3 10. Bxf3 c6 11. dxe5 dxe5 12. Qd6 Nb6 13. Qxe5+ Qe7 14. Qxe7+
Kxe7 15. Bc5+ Ke8 16. Be2 Nfd7 17. Bd6 Bxc3 18. bxc3 Na4 19. c4 h5 20. f4 Nc3
21. Bd3 b5 22. a4 Nxa4 23. cxb5 cxb5 24. Bxb5 Nab6 25. Rfd1 f6 26. Bc7 Ke7 27.
Rd2 Rhc8 28. Bd6+ Ke6 29. Ba6 Rc6 30. f5+ gxf5 31. exf5+ Kf7 32. Bb7 Nc4 33.
Bxc6 Nxd2 34. Bxa8 Nc4 35. Bd5+ 1-0

[Event "Taastrup Spil Naar Du Vil IV 2003"]
[Site "Taastrup"]
[Date "2009.03.26"]
[Round "1"]
[White "Jensen, Tom B"]
[Black "Wadtland, Flemming"]
[Result "1-0"]
[WhiteElo "1226"]
[BlackElo "1235"]
[PlyCount "109"]
[EventDate "2009.??.??"]

1. e4 c6 2. Nf3 d5 3. exd5 cxd5 4. d4 Bg4 5. Be2 Nf6 6. Bg5 Ne4 7. Bh4 f6 8. h3
Bh5 9. Nbd2 Qa5 10. c3 g5 11. Bg3 Nxg3 12. fxg3 Bh6 13. Nb3 Qb6 14. Qd3 Bg6 15.
Qb5+ Qxb5 16. Bxb5+ Nc6 17. O-O a6 18. Be2 b6 19. Nh2 f5 20. Bf3 O-O-O 21. Rfe1
a5 22. a4 Rhe8 23. Be2 e5 24. Bb5 Kc7 25. Nf3 e4 26. Bxc6 Kxc6 27. Ne5+ Rxe5
28. dxe5 Bg7 29. Nd4+ Kd7 30. Rad1 Bxe5 31. Nxf5 Ke6 32. Nd4+ Kd6 33. Nb5+ Kc6
34. g4 Rf8 35. Rf1 Rxf1+ 36. Kxf1 Bg3 37. Ke2 Kc5 38. Nd4 h5 39. Ne6+ Kc4 40.
Nxg5 hxg4 41. hxg4 Bf4 42. Ne6 Bh6 43. Nd4 e3 44. Nf5 Bg5 45. Nxe3+ Kb3 46.
Nxd5 Kxb2 47. Nxb6 Kxc3 48. Rd5 Be7 49. Re5 Bd3+ 50. Ke3 Bf8 51. Rxa5 Bh6+ 52.
g5 Bf8 53. Nd5+ Kc4 54. Nf4 Bc5+ 55. Rxc5+ 1-0

[Event "Taastrup Spil Naar Du Vil IV 2003"]
[Site "Taastrup"]
[Date "2009.03.26"]
[Round "1"]
[White "Kirkebaekke, Mark"]
[Black "Pedersen, Ole"]
[Result "1-0"]
[WhiteElo "1161"]
[BlackElo "1217"]
[PlyCount "93"]
[EventDate "2009.??.??"]

1. d4 e6 2. e4 d6 3. Nf3 g6 4. b3 Bg7 5. Bb2 Nf6 6. Nbd2 b6 7. h3 Bb7 8. e5
dxe5 9. dxe5 Nfd7 10. Nc4 O-O 11. Be2 Nc6 12. a4 a6 13. O-O b5 14. axb5 axb5
15. Rxa8 Bxa8 16. Ne3 Ncxe5 17. Nxe5 Nxe5 18. Qxd8 Rxd8 19. Bxe5 Bxe5 20. Bxb5
Bf4 21. Re1 Rd2 22. Bd3 e5 23. Nc4 Rxd3 24. cxd3 f6 25. b4 Bd5 26. Ne3 Bxe3 27.
Rxe3 c6 28. Re1 Kf7 29. f3 Ke6 30. d4 Kd6 31. dxe5+ fxe5 32. Kf2 h5 33. g4 hxg4
34. fxg4 g5 35. Kg3 e4 36. h4 gxh4+ 37. Kxh4 Ke5 38. Kg3 Kd4 39. Kf4 Kd3 40.
Re3+ Kc4 41. g5 Kxb4 42. Rxe4+ Kc3 43. g6 Kd3 44. Re8 Kc4 45. g7 Kc5 46. Re5
Kd6 47. Rxd5+ 1-0

[Event "Taastrup Spil Naar Du Vil IV 2003"]
[Site "Taastrup"]
[Date "2009.03.26"]
[Round "1"]
[White "Kramer, Aksel"]
[Black "Zmylon, Frederik Nielsen"]
[Result "1/2-1/2"]
[WhiteElo "1694"]
[BlackElo "1523"]
[PlyCount "68"]
[EventDate "2009.??.??"]

1. f4 c5 2. Nf3 Nc6 3. e3 d5 4. Bb5 Bd7 5. b3 Nf6 6. Bb2 e6 7. O-O a6 8. Bxc6
Bxc6 9. Ne5 d4 10. Nxc6 bxc6 11. Qf3 Rc8 12. Na3 Be7 13. Nc4 O-O 14. Ne5 Qd5
15. Qh3 Nd7 16. Rae1 Nxe5 17. fxe5 dxe3 18. dxe3 c4 19. Kh1 Rcd8 20. Qh5 g6 21.
Qe2 cxb3 22. axb3 Qd2 23. Qc4 Rc8 24. Bd4 Qa5 25. Ra1 Qb5 26. Rxa6 Qxc4 27.
bxc4 c5 28. Bc3 Rc7 29. Rd1 Rb7 30. Kg1 Rfb8 31. Kf2 Rb1 32. Rxb1 Rxb1 33. Ra1
Rxa1 34. Bxa1 Kf8 1/2-1/2

[Event "Taastrup Spil Naar Du Vil IV 2003"]
[Site "Taastrup"]
[Date "2009.04.02"]
[Round "2"]
[White "Foslund, Kasper"]
[Black "Lauritsen, Martin Lee"]
[Result "0-1"]
[WhiteElo "1708"]
[BlackElo "1990"]
[PlyCount "84"]
[EventDate "2009.??.??"]

1. e4 c5 2. Nf3 d6 3. c3 Nf6 4. Be2 Nc6 5. d4 cxd4 6. Nxd4 e6 7. O-O Be7 8. Be3
O-O 9. Nd2 a6 10. f4 Qc7 11. Qc2 b5 12. Rae1 Bb7 13. Kh1 Rac8 14. Bf3 Nxd4 15.
Bxd4 e5 16. Be3 Rfe8 17. fxe5 dxe5 18. Bg5 Nxe4 19. Bxe7 Nxd2 20. Bxb7 Qxb7 21.
Rf2 Rxe7 22. Rxd2 Qc7 23. Qe4 g6 24. h3 Kg7 25. Rd5 Rce8 26. a4 f5 27. Qb4 bxa4
28. Qxa4 Qb6 29. Rd2 h5 30. c4 e4 31. Qc2 e3 32. Rd5 f4 33. c5 Qb4 34. Re2 Qe4
35. Qc3+ Kh6 36. Rd4 Qf5 37. Kh2 f3 38. gxf3 Qxf3 39. Qd3 Re5 40. Rg2 Qxg2+ 41.
Kxg2 e2 42. Rd6 e1=N+ 0-1

[Event "Taastrup Spil Naar Du Vil IV 2003"]
[Site "Taastrup"]
[Date "2009.04.02"]
[Round "2"]
[White "Yde, Jesper"]
[Black "Foslund, Peter"]
[Result "0-1"]
[WhiteElo "1579"]
[BlackElo "1623"]
[PlyCount "56"]
[EventDate "2009.??.??"]

1. f4 d5 2. d4 e6 3. Nf3 Nc6 4. e3 Nf6 5. c3 a6 6. a4 b6 7. Bd3 g6 8. O-O Bg7
9. Nbd2 O-O 10. Ne5 Bb7 11. b4 Nxe5 12. fxe5 Ne4 13. Qc2 Nxd2 14. Bxd2 Rc8 15.
Qd1 c5 16. bxc5 bxc5 17. Rb1 Qd7 18. Rb6 c4 19. Bc2 a5 20. Qa1 Bc6 21. Rfb1 Qc7
22. Qa3 Rfd8 23. Qc5 Bf8 24. Qxa5 Ra8 25. Ra6 Qxa5 26. Rxa5 Rxa5 27. Rb6 Bxa4
28. Bxa4 Rxa4 0-1

[Event "Taastrup Spil Naar Du Vil IV 2003"]
[Site "Taastrup"]
[Date "2009.04.02"]
[Round "2"]
[White "Traerup, Jorgen"]
[Black "Jensen, Jan Kargaard"]
[Result "1/2-1/2"]
[WhiteElo "1394"]
[BlackElo "1780"]
[PlyCount "103"]
[EventDate "2009.??.??"]

1. d4 d5 2. Nf3 Nf6 3. e3 Nbd7 4. c4 e6 5. Bd2 c6 6. Nc3 Bd6 7. c5 Bc7 8. b4 a6
9. a4 e5 10. b5 axb5 11. axb5 Rxa1 12. Qxa1 exd4 13. bxc6 bxc6 14. exd4 Ne4 15.
Nxe4 dxe4 16. Ng1 Nf6 17. Ne2 Bf5 18. Ng3 Bxg3 19. hxg3 O-O 20. Be2 Re8 21. O-O
Qd7 22. Be3 Ng4 23. Qd1 Nxe3 24. fxe3 Bg6 25. Rf4 Qd5 26. Bg4 Ra8 27. Qb1 h5
28. Be2 Ra2 29. Rf2 Ra3 30. Qf1 Rxe3 31. Bc4 Qxd4 32. Kh2 Rc3 33. Bxf7+ Bxf7
34. Rxf7 Qxc5 35. Rf5 Rc1 36. Rxc5 Rxf1 37. Rxh5 Kf7 38. Rc5 Rf6 39. Rc1 e3 40.
Re1 Re6 41. g4 c5 42. Kg3 c4 43. Kf3 c3 44. Re2 Kg6 45. Rxe3 Rxe3+ 46. Kxe3 Kg5
47. Kd3 Kxg4 48. Kxc3 g5 49. Kd3 Kg3 50. Ke4 g4 51. Kf5 Kxg2 52. Kxg4 1/2-1/2

[Event "Taastrup Spil Naar Du Vil IV 2003"]
[Site "Taastrup"]
[Date "2009.04.02"]
[Round "2"]
[White "Ghavamabadi, Mehdi"]
[Black "Jensen, Tom B"]
[Result "1/2-1/2"]
[WhiteElo "1233"]
[BlackElo "1226"]
[PlyCount "135"]
[EventDate "2009.??.??"]

1. e4 e5 2. Nf3 d6 3. d4 exd4 4. Nxd4 Nc6 5. Bb5 Bd7 6. Nc3 Nf6 7. Bg5 Be7 8.
Nxc6 bxc6 9. Bd3 Ng4 10. Bd2 O-O 11. Ne2 Ne5 12. Bc3 Bf6 13. O-O Nxd3 14. Qxd3
Re8 15. f4 Bg4 16. Nd4 Bxd4+ 17. Qxd4 f6 18. Qc4+ Kh8 19. Qxc6 Qc8 20. f5 Rb8
21. Rf4 Bh5 22. Rh4 Bf7 23. Qa4 Qb7 24. Qd4 Qb6 25. a4 Qxd4+ 26. Bxd4 Rb4 27.
Bxa7 Rxb2 28. c3 Ra8 29. Be3 Rb3 30. Bd2 Rab8 31. Kf2 Rb2 32. Ke3 Rc2 33. a5
Rbb2 34. Be1 Ra2 35. Rxa2 Rxa2 36. c4 Bxc4 37. e5 Bb5 38. exd6 cxd6 39. Kd4 Bc6
40. Kc3 Rxa5 41. Rc4 Ra6 42. Bg3 d5 43. Rc5 g6 44. fxg6 hxg6 45. Kd4 Ra4+ 46.
Ke3 Ra3+ 47. Kd4 Kg7 48. Rc1 Kf7 49. Re1 Ba8 50. Rc1 Ra4+ 51. Kc3 Rc4+ 52. Kd2
Rxc1 53. Kxc1 Ke6 54. Bf2 Ke5 55. Kd2 Ke4 56. Kc3 g5 57. Bd4 f5 58. h3 g4 59.
h4 f4 60. h5 Kf5 61. h6 Kg6 62. Bg7 f3 63. gxf3 g3 64. f4 g2 65. Bd4 Kxh6 66.
Bg1 Kg6 67. Kd4 Kf5 68. Bh2 1/2-1/2

[Event "Taastrup Spil Naar Du Vil IV 2003"]
[Site "Taastrup"]
[Date "2009.04.02"]
[Round "2"]
[White "Pedersen, Ole"]
[Black "Hviid, Jens Carl"]
[Result "0-1"]
[WhiteElo "1217"]
[BlackElo "1373"]
[PlyCount "82"]
[EventDate "2009.??.??"]

1. c4 Nf6 2. Nc3 d6 3. g3 c6 4. Bg2 g6 5. e3 Bg7 6. Nge2 Na6 7. d4 O-O 8. O-O
Bd7 9. d5 Qc8 10. e4 cxd5 11. cxd5 Bh3 12. Nf4 Bxg2 13. Nxg2 Qh3 14. Nf4 Qd7
15. Kg2 Rac8 16. Bd2 Rc7 17. Qe2 Rfc8 18. Rac1 Nc5 19. b4 Na6 20. a3 Ng4 21.
Nb5 Rxc1 22. Rxc1 Rxc1 23. Bxc1 Nf6 24. Nxa7 Qa4 25. Nc8 Qd7 26. Nb6 Qc7 27. b5
Nc5 28. Nc4 Ncxe4 29. Bb2 Qc5 30. Bxf6 Nxf6 31. b6 Nxd5 32. Nxd5 Qxd5+ 33. f3
e6 34. a4 Qc5 35. Qd3 d5 36. Ne3 Qxb6 37. Nc2 Qc5 38. Qb3 b6 39. Nb4 Bf8 40.
Nd3 Qd4 41. a5 bxa5 0-1

[Event "Taastrup Spil Naar Du Vil IV 2003"]
[Site "Taastrup"]
[Date "2009.04.16"]
[Round "3"]
[White "Nielsen, Jan Mose"]
[Black "Yde, Jesper"]
[Result "1-0"]
[WhiteElo "2016"]
[BlackElo "1579"]
[PlyCount "75"]
[EventDate "2009.??.??"]

1. e4 d6 2. d4 Nf6 3. f3 Nbd7 4. c4 e5 5. Ne2 c6 6. Nbc3 Be7 7. Be3 a6 8. d5
Qa5 9. Nc1 O-O 10. g4 cxd5 11. cxd5 b5 12. Nb3 Qd8 13. Qd2 b4 14. Na4 Rb8 15.
Qf2 Nxg4 16. Qg1 Bh4+ 17. Kd1 Nxe3+ 18. Qxe3 Nb6 19. Nxb6 Qxb6 20. Qxb6 Rxb6
21. Na5 Bd7 22. Nc4 Rbb8 23. Nxd6 a5 24. Bd3 g6 25. Ke2 Rfd8 26. Nc4 Rdc8 27.
Nxe5 Bb5 28. Rac1 Bxd3+ 29. Kxd3 Re8 30. f4 f6 31. Nf3 Bf2 32. Rc2 Bb6 33. Rc6
Kf7 34. e5 Bd8 35. Re1 Rb7 36. e6+ Kf8 37. d6 Bb6 38. d7 1-0

[Event "Taastrup Spil Naar Du Vil IV 2003"]
[Site "Taastrup"]
[Date "2009.04.16"]
[Round "3"]
[White "Rosenkilde, Alexander"]
[Black "Lauritsen, Martin Lee"]
[Result "1-0"]
[WhiteElo "2113"]
[BlackElo "1990"]
[PlyCount "65"]
[EventDate "2009.??.??"]

1. e4 c5 2. Nf3 d6 3. d4 cxd4 4. Nxd4 Nf6 5. Nc3 a6 6. Bg5 e6 7. f4 Be7 8. Qf3
Qc7 9. O-O-O Nbd7 10. g4 b5 11. Bxf6 gxf6 12. f5 e5 13. Nd5 Qb7 14. Nb3 Bd8 15.
h4 a5 16. Nc3 b4 17. Nb5 Kf8 18. Nxd6 Qc7 19. g5 Be7 20. Nb5 Qc6 21. gxf6 Nxf6
22. Qe3 a4 23. Qh6+ Ke8 24. Nd6+ Bxd6 25. Qxf6 axb3 26. Bb5 Qxb5 27. Rxd6 Bxf5
28. Qxh8+ Ke7 29. Qf6+ Ke8 30. Rhd1 Qa5 31. exf5 bxa2 32. Qh8+ Ke7 33. Rd7# 1-0

[Event "Taastrup Spil Naar Du Vil IV 2003"]
[Site "Taastrup"]
[Date "2009.04.16"]
[Round "3"]
[White "Ryberg, Denis"]
[Black "Kramer, Aksel"]
[Result "1-0"]
[WhiteElo "1679"]
[BlackElo "1694"]
[PlyCount "59"]
[EventDate "2009.??.??"]

1. e4 d5 2. exd5 Nf6 3. Nc3 Nxd5 4. Nxd5 Qxd5 5. d4 Nc6 6. Be3 Bf5 7. Nf3 g6 8.
Be2 Bg7 9. c4 Qd8 10. O-O O-O 11. Qd2 e5 12. d5 Ne7 13. Bh6 Qd6 14. Bxg7 Kxg7
15. Rfd1 Rad8 16. Rac1 Rfe8 17. Qe3 e4 18. Nd4 Qf6 19. Nxf5+ Nxf5 20. Qc3 Qe5
21. Qxe5+ Rxe5 22. Rc3 Rd6 23. g4 Nh4 24. Re3 Rf6 25. Rd4 Rf4 26. c5 h5 27. h3
Kf8 28. d6 Ke8 29. dxc7 Rxc5 30. Rd8+ 1-0

[Event "Taastrup Spil Naar Du Vil IV 2003"]
[Site "Taastrup"]
[Date "2009.04.16"]
[Round "3"]
[White "Zmylon, Frederik Nielsen"]
[Black "Kirkebaekke, Mark"]
[Result "1-0"]
[WhiteElo "1523"]
[BlackElo "1161"]
[PlyCount "91"]
[EventDate "2009.??.??"]

1. e4 c5 2. Nf3 Nc6 3. d4 cxd4 4. Nxd4 e5 5. Nb5 Bc5 6. N1c3 a6 7. Nd6+ Bxd6 8.
Qxd6 Nge7 9. Nd5 Nxd5 10. exd5 Qe7 11. Qxe7+ Nxe7 12. c4 Nf5 13. Bd3 Nd4 14.
Be3 d6 15. Bxd4 exd4 16. Kd2 O-O 17. Rhe1 f5 18. Re7 b6 19. Rae1 Rb8 20. a4 g6
21. Rc7 Rb7 22. Ree7 Rxc7 23. Rxc7 Rd8 24. Rc6 b5 25. cxb5 axb5 26. axb5 Bb7
27. Rc7 Bxd5 28. Bc4 Bxc4 29. Rxc4 Rb8 30. Rb4 Kf7 31. Kd3 Rb6 32. Kxd4 Ke6 33.
f4 h6 34. h4 Kf6 35. Kd5 g5 36. hxg5+ hxg5 37. fxg5+ Kxg5 38. g3 Kf6 39. Kc4
Ke6 40. Ra4 Rb7 41. Ra6 Kd7 42. b4 Kc7 43. Ra8 Rb8 44. Rxb8 Kxb8 45. Kd5 Kc7
46. b6+ 1-0

[Event "Taastrup Spil Naar Du Vil IV 2003"]
[Site "Taastrup"]
[Date "2009.04.16"]
[Round "3"]
[White "Jensen, Tom B"]
[Black "Traerup, Jorgen"]
[Result "0-1"]
[WhiteElo "1226"]
[BlackElo "1394"]
[PlyCount "56"]
[EventDate "2009.??.??"]

1. e4 c5 2. d4 cxd4 3. Nf3 Nc6 4. Nxd4 d6 5. Nc3 a6 6. Nf3 Bg4 7. Be2 Nf6 8.
Ng5 Bxe2 9. Qxe2 h6 10. Nf3 Qd7 11. O-O e5 12. Bd2 Be7 13. b3 O-O 14. Be3 Qg4
15. Rfe1 Nxe4 16. Nd5 Nf6 17. h3 Qg6 18. Nxe7+ Nxe7 19. Rad1 Rfd8 20. Bb6 Rd7
21. Nd2 Qxc2 22. Nc4 Qxe2 23. Rxe2 Ned5 24. Ba5 b5 25. Nd2 Rc8 26. Nf3 b4 27.
Red2 Nc3 28. Re1 Nfd5 0-1

[Event "Taastrup Spil Naar Du Vil IV 2003"]
[Site "Taastrup"]
[Date "2009.04.16"]
[Round "3"]
[White "Rasmussen, Emil Wulff"]
[Black "Ghavamabadi, Mehdi"]
[Result "0-1"]
[WhiteElo "1437"]
[BlackElo "1233"]
[PlyCount "54"]
[EventDate "2009.??.??"]

1. d4 d5 2. c4 e6 3. Nf3 Nf6 4. Nc3 Be7 5. Bf4 c6 6. e3 Nbd7 7. c5 O-O 8. Bd3
Re8 9. h3 Nf8 10. O-O Ng6 11. Bh2 Bf8 12. b4 Nd7 13. Qb3 Qf6 14. a4 e5 15. Ne2
e4 16. Be5 Qe7 17. Bd6 Qe6 18. Ng5 Qf5 19. g4 Qxg5 20. f4 Qh4 21. g5 Bxd6 22.
cxd6 exd3 23. Qxd3 Qxh3 24. Kf2 Qh4+ 25. Ng3 Qh2+ 26. Kf3 Nh4+ 27. Kg4 Nc5+ 0-1

[Event "Taastrup Spil Naar Du Vil IV 2003"]
[Site "Taastrup"]
[Date "2009.04.16"]
[Round "3"]
[White "Wadtland, Flemming"]
[Black "Pedersen, Ole"]
[Result "0-1"]
[WhiteElo "1235"]
[BlackElo "1217"]
[PlyCount "92"]
[EventDate "2009.??.??"]

1. b3 d5 2. Nf3 Nc6 3. e3 e5 4. Bb2 Bd6 5. c4 Nf6 6. cxd5 Nxd5 7. Nc3 Nf6 8. a3
O-O 9. Qc2 Re8 10. O-O-O h6 11. h4 Bg4 12. Re1 Qe7 13. Nb1 a5 14. Nh2 Bd7 15.
g3 a4 16. bxa4 Na5 17. Nf3 Bc6 18. Bg2 Bd5 19. d3 e4 20. dxe4 Bxe4 21. Bxf6
Qxf6 22. Qb2 Qf5 23. Nd4 Qc5+ 24. Qc3 Qxc3+ 25. Nxc3 Bxg2 26. Rh2 Bc6 27. Kc2
Bxa3 28. Ndb5 Bb4 29. Nxc7 Bxc3 30. Kxc3 Be4 31. Nxe8 Rxe8 32. Rd1 Rc8+ 33. Kb4
Nc6+ 34. Kb5 Ne5 35. f4 Ng4 36. Rhd2 Bc6+ 37. Kb6 Nxe3 38. Rd8+ Rxd8 39. Rxd8+
Kh7 40. a5 Nc4+ 41. Kc7 Nxa5 42. Rd4 Nb3 43. Rb4 Nc5 44. h5 Ne4 45. g4 Nf6 46.
f5 Nd5+ 0-1

[Event "Taastrup Spil Naar Du Vil IV 2003"]
[Site "Taastrup"]
[Date "2009.04.16"]
[Round "3"]
[White "Hviid, Jens Carl"]
[Black "Madsen, Simon Rise"]
[Result "0-1"]
[WhiteElo "1373"]
[BlackElo "1290"]
[PlyCount "64"]
[EventDate "2009.??.??"]

1. c4 c5 2. Nc3 Nc6 3. g3 e5 4. Bg2 d6 5. e3 f5 6. Nge2 Nf6 7. Nd5 Be7 8. Nec3
O-O 9. Nxf6+ Bxf6 10. Nd5 Be6 11. d3 Nb4 12. Nxb4 cxb4 13. Bxb7 Rb8 14. Qf3 e4
15. dxe4 fxe4 16. Qxe4 Bf5 17. Bd5+ Kh8 18. Qg2 Qc7 19. e4 Bg6 20. O-O b3 21.
a3 Bh5 22. g4 Bg6 23. g5 Bd4 24. Kh1 Bh5 25. f3 Qe7 26. f4 Rbe8 27. Qd2 Qxg5
28. Qxd4 Qh4 29. Qf2 Qh3 30. Qg2 Qd3 31. Qg3 Qxf1+ 32. Qg1 Bf3# 0-1

[Event "Taastrup Spil Naar Du Vil IV 2003"]
[Site "Taastrup"]
[Date "2009.04.23"]
[Round "4"]
[White "Strom, Ebbe"]
[Black "Lauritsen, Martin Lee"]
[Result "1-0"]
[WhiteElo "1623"]
[BlackElo "1990"]
[PlyCount "121"]
[EventDate "2009.??.??"]

1. d4 f5 2. c4 Nf6 3. Nf3 e6 4. g3 d5 5. Bg2 c6 6. O-O Bd6 7. b3 O-O 8. Bb2
Nbd7 9. Nbd2 Qe7 10. Qc2 Ne4 11. Ne5 g5 12. f4 Bxe5 13. Nxe4 Bxf4 14. gxf4 fxe4
15. e3 g4 16. Qf2 Nf6 17. Qh4 Bd7 18. a4 Qg7 19. Ba3 Rf7 20. Kf2 Kh8 21. Bd6
Rg8 22. Be5 h6 23. Rg1 Kh7 24. Bh3 Qg6 25. Rg3 Qf5 26. Bxf6 Qxf6 27. Qxf6 Rxf6
28. Bxg4 Be8 29. Rag1 Kh8 30. Bh3 Rxg3 31. hxg3 Kg7 32. g4 a5 33. c5 Rf7 34. g5
hxg5 35. Bxe6 Re7 36. Rxg5+ Kf6 37. Bg4 Bg6 38. Re5 Rh7 39. Kg2 Bf7 40. Bc8 Bh5
41. Re6+ Kf7 42. Rd6 Bf3+ 43. Kg3 Rg7+ 44. Kh3 Ke8 45. f5 Bd1 46. f6 Rf7 47.
Bf5 Bxb3 48. Bg6 Bxa4 49. Kg4 Bd1+ 50. Kf5 a4 51. Bxf7+ Kxf7 52. Rd7+ Ke8 53.
Rxb7 Bh5 54. Ra7 Kf8 55. Ke5 Be2 56. Rxa4 Bd1 57. Ra7 Be2 58. Kd6 Bb5 59. Ke6
Kg8 60. f7+ Kg7 61. Ke7 1-0

[Event "Taastrup Spil Naar Du Vil IV 2003"]
[Site "Taastrup"]
[Date "2009.04.23"]
[Round "4"]
[White "Yde, Jesper"]
[Black "Foslund, Kasper"]
[Result "0-1"]
[WhiteElo "1579"]
[BlackElo "1708"]
[PlyCount "56"]
[EventDate "2009.??.??"]

1. f4 d5 2. d4 Nf6 3. Nf3 Bg4 4. Be3 Bxf3 5. exf3 e6 6. Bb5+ c6 7. Bd3 Qb6 8.
b3 Nbd7 9. Nd2 c5 10. c3 cxd4 11. cxd4 Bb4 12. O-O Bc3 13. Rc1 Bxd4 14. Nc4
dxc4 15. Rxc4 Bxe3+ 16. Kh1 O-O 17. Qc2 Nc5 18. Rd1 Nxd3 19. Rxd3 Nd5 20. g3 a5
21. Qe2 Rfc8 22. Kg2 Bxf4 23. Rxf4 Nxf4+ 24. gxf4 Rc1 25. Qd2 Rg1+ 26. Kh3 Re8
27. Rd6 Qb5 28. Kh4 g6 0-1

[Event "Taastrup Spil Naar Du Vil IV 2003"]
[Site "Taastrup"]
[Date "2009.04.23"]
[Round "4"]
[White "Dalberg, Bent"]
[Black "Zmylon, Frederik Nielsen"]
[Result "1-0"]
[WhiteElo "1606"]
[BlackElo "1523"]
[PlyCount "37"]
[EventDate "2009.??.??"]

1. e4 c5 2. Nc3 Nc6 3. g3 Nf6 4. Bg2 d6 5. d3 Bd7 6. f4 Qc7 7. Nf3 e6 8. O-O
Be7 9. h3 Nd4 10. Ne2 Nxf3+ 11. Bxf3 e5 12. Bg2 b5 13. Kh2 exf4 14. e5 fxg3+
15. Nxg3 Rb8 16. exf6 Bxf6 17. Kh1 d5 18. Bf4 Be5 19. Bxe5 1-0

[Event "Taastrup Spil Naar Du Vil IV 2003"]
[Site "Taastrup"]
[Date "2009.04.23"]
[Round "4"]
[White "Traerup, Jorgen"]
[Black "Foslund, Peter"]
[Result "0-1"]
[WhiteElo "1394"]
[BlackElo "1623"]
[PlyCount "162"]
[EventDate "2009.??.??"]

1. d4 Nf6 2. Nf3 g6 3. c4 Bg7 4. Nc3 c6 5. e4 d6 6. Be2 Nfd7 7. O-O O-O 8. Re1
e5 9. d5 Nf6 10. b3 Nbd7 11. Bd2 Nc5 12. Qc2 Ng4 13. h3 Nf6 14. b4 Ncd7 15. a4
cxd5 16. cxd5 a6 17. b5 a5 18. Be3 b6 19. Rec1 Bb7 20. Qd2 Rc8 21. Nd1 Nxe4 22.
Qd3 Rxc1 23. Rxc1 Nec5 24. Qc4 Qa8 25. Nc3 Rc8 26. Qg4 Nf6 27. Qh4 Re8 28. Ng5
Qd8 29. Bf3 h6 30. Nge4 Nfxe4 31. Qxd8 Rxd8 32. Nxe4 Nxe4 33. Bxe4 f5 34. Bxb6
Rd7 35. Bf3 e4 36. Bd1 Bxd5 37. Rc7 Rxc7 38. Bxc7 Bc3 39. Bxd6 h5 40. Bf4 Bd4
41. Be3 Bxe3 42. fxe3 Kg7 43. Kf2 Kf6 44. b6 h4 45. g4 Ke5 46. gxf5 gxf5 47.
Bh5 Kd6 48. Be8 Kc5 49. Bd7 Kxb6 50. Bxf5 Bc6 51. Ke1 Kc5 52. Kd2 Kd5 53. Kc3
Bxa4 54. Kb2 Ke5 55. Ka3 Bc2 56. Bd7 Kd5 57. Kb2 Bd1 58. Kc3 Kc5 59. Be6 a4 60.
Ba2 Bf3 61. Be6 Be2 62. Ba2 Bf1 63. Be6 Be2 64. Bf5 Kd5 65. Kb4 Bd1 66. Bd7 Bc2
67. Be8 Bd1 68. Bd7 a3 69. Kxa3 Kc4 70. Kb2 Kd3 71. Kc1 Bf3 72. Bf5 Kxe3 73.
Kc2 Ke2 74. Kc3 Ke3 75. Kc2 Be2 76. Kc3 Bd3 77. Bg4 Bf1 78. Be6 Ba6 79. Kc2 Kf2
80. Bg4 e3 81. Kd1 e2+ 0-1

[Event "Taastrup Spil Naar Du Vil IV 2003"]
[Site "Taastrup"]
[Date "2009.04.23"]
[Round "4"]
[White "Kirkebaekke, Mark"]
[Black "Ghavamabadi, Mehdi"]
[Result "0-1"]
[WhiteElo "1161"]
[BlackElo "1233"]
[PlyCount "50"]
[EventDate "2009.??.??"]

1. e4 e5 2. Bc4 c6 3. Nf3 d5 4. exd5 cxd5 5. Bb5+ Bd7 6. Bxd7+ Nxd7 7. d3 Ngf6
8. Bg5 Be7 9. Nbd2 O-O 10. O-O Re8 11. c3 e4 12. dxe4 dxe4 13. Nd4 Qb6 14. b3
Qc5 15. Rc1 Qxg5 16. f4 Qd5 17. Nc2 Qc5+ 18. Nd4 e3 19. N2f3 Nd5 20. b4 Qb6 21.
Kh1 Nxf4 22. g3 Nh3 23. Nf5 Qe6 24. Nxe7+ Qxe7 25. Re1 Nf2+ 0-1

[Event "Taastrup Spil Naar Du Vil IV 2003"]
[Site "Taastrup"]
[Date "2009.04.23"]
[Round "4"]
[White "Pedersen, Ole"]
[Black "Jensen, Jan Kargaard"]
[Result "0-1"]
[WhiteElo "1217"]
[BlackElo "1780"]
[PlyCount "82"]
[EventDate "2009.??.??"]

1. c4 Nf6 2. Nc3 e5 3. e3 Nc6 4. g3 d5 5. cxd5 Nxd5 6. Nge2 Be7 7. Bg2 Be6 8.
a3 O-O 9. O-O Qd7 10. Nxd5 Bxd5 11. Nc3 Bxg2 12. Kxg2 Rfd8 13. Qb3 b6 14. Qc2
Rac8 15. b4 Bf6 16. Rb1 g6 17. Kg1 Bg7 18. Rd1 Qe6 19. Bb2 f5 20. Ne2 Ne7 21.
d4 e4 22. Nf4 Qf7 23. Rd2 Nd5 24. Nxd5 Qxd5 25. Rc1 c5 26. Qc4 Qxc4 27. Rxc4
cxd4 28. Rxc8 Rxc8 29. Bxd4 Rc7 30. Bxg7 Kxg7 31. Kg2 Kf6 32. b5 Rc3 33. a4 Rc4
34. Ra2 Rb4 35. h4 Ke5 36. Kh3 h5 37. Kg2 Kd5 38. Kf1 Kc4 39. Ra3 Rb3 40. Ra2
Kb4 41. a5 bxa5 0-1